000 00809cam a22002534a 4500
008
020 _a1576753786 (pbk.)
049 _aMAIN
090 _aHD62.7
_bALB
100 1 _aAlbion, Mark S.
245 1 0 _aTrue to yourself :
_bleading a values-based business /
_cMark Albion.
260 _aSan Francisco :
_bBerrett-Koehler,
_c2006.
300 _axv, 171 p. ;
_c22 cm.
440 4 _aThe social venture network series
500 _aIncludes index.
504 _aIncludes bibliographical references.
650 0 _aSmall business
_xManagement
_vHandbooks, manuals, etc.
650 0 _aSocial responsibility of business.
907 _a.b10315597
_b28-05-13
_c12-07-12
003
005 20240531135138.0
040 _cNUST
942 _cBOOKS
_kHD62.7
_mALB
_01
999 _c141578
_d141578